000 00224nam a2200121Ia 4500
100 _a#N/A
942 _cBK
245 _aOptical fiber communication
260 _b#N/A
082 _b21523
546 _aENGLISH
999 _c30097
_d30097